[Event "GER-ch42 V06 email"]
[Site "GER email"]
[Date "2010.04.08"]
[Round "?"]
[White "Comtesse, Andreas"]
[Black "Fabig, Holger"]
[Result "1/2-1/2"]
[WhiteElo "1983"]
[BlackElo "2050"]
[PlyCount "77"]
[EventDate "2010.04.19"]
[EventType "tourn (corr)"]
[EventRounds "12"]
[EventCountry "GER"]
[SourceTitle "Corr 2015"]
[Source "ChessBase"]
[SourceDate "2015.07.17"]
[SourceVersion "1"]
[SourceVersionDate "2015.07.17"]
[SourceQuality "1"]
[WhiteTeam "Germany"]
[BlackTeam "Germany"]
[WhiteTeamCountry "GER"]
[BlackTeamCountry "GER"]

1. c4 b6 2. Nc3 Bb7 3. Nf3 e6 4. d3 Bb4 5. Bd2 f5 6. a3 Bxc3 7. Bxc3 Nf6 8. g3 Qe7 9. Bg2 d6 10. b4 Nbd7 11. a4 0-0 12. a5 c5 13. Qb3 d5 14. 0-0 d4 15. Bd2 e5 16. axb6 axb6 17. bxc5 Bxf3 18. Bxf3 e4 19. cxb6 Nc5 20. Qb5 exf3 21. Rxa8 Rxa8 22. exf3 Rc8 23. Rb1 Qb7 24. Bb4 Nfd7 25. Bxc5 Nxc5 26. Qa5 f4 27. Kg2 fxg3 28. hxg3 Nxd3 29. Rd1 Nc5 30. Rxd4 Nb3 31. Qd5+ Qxd5 32. Rxd5 Kf7 33. c5 Nxc5 34. b7 Nxb7 35. Rd7+ Kf6 36. Rxb7 h5 37. Rb6+ Kf7 38. f4 g6 39. Ra6 1/2-1/2

[Event "GER-ch42 V06 email"]
[Site "GER email"]
[Date "2010.04.08"]
[Round "?"]
[White "Comtesse, Andreas"]
[Black "Noeth, Dieter"]
[Result "1/2-1/2"]
[WhiteElo "1983"]
[BlackElo "2122"]
[PlyCount "106"]
[EventDate "2010.04.19"]
[EventType "tourn (corr)"]
[EventRounds "12"]
[EventCountry "GER"]
[SourceTitle "Corr 2015"]
[Source "ChessBase"]
[SourceDate "2015.07.17"]
[SourceVersion "1"]
[SourceVersionDate "2015.07.17"]
[SourceQuality "1"]
[WhiteTeam "Germany"]
[BlackTeam "Germany"]
[WhiteTeamCountry "GER"]
[BlackTeamCountry "GER"]

1. c4 Nf6 2. g3 e5 3. Nc3 Bb4 4. Bg2 0-0 5. Nf3 Re8 6. 0-0 e4 7. Nd4 Nc6 8. Nc2 Bxc3 9. bxc3 d6 10. Ne3 Be6 11. d3 Ne5 12. Rb1 Qc8 13. c5 Bh3 14. d4 Bxg2 15. Kxg2 Neg4 16. Nxg4 Nxg4 17. Qb3 b6 18. cxd6 cxd6 19. Bf4 Qd7 20. c4 Nf6 21. Rfc1 Rac8 22. Qb5 Qg4 23. Rb2 h6 24. a4 Qe6 25. h3 d5 26. c5 bxc5 27. Rxc5 Rxc5 28. Qxc5 g5 29. Be5 g4 30. h4 e3 31. Qc1 Nd7 32. Qxe3 Nxe5 33. dxe5 Qxe5 34. Qxe5 Rxe5 35. Kf1 Re4 36. a5 Ra4 37. Rb5 Ra1+ 38. Kg2 d4 39. Rd5 Ra4 40. Rd6 Kg7 41. Ra6 Ra2 42. Rxa7 Rxe2 43. Rd7 Rd2 44. a6 h5 45. Rd5 Ra2 46. Rxh5 Rxa6 47. Rd5 Ra4 48. Rg5+ Kf6 49. Rxg4 Ke5 50. Rg8 Ra6 51. Rd8 f5 52. f3 Ra2+ 53. Kh3 Ra1 1/2-1/2

[Event "GER-ch42 V06 email"]
[Site "GER email"]
[Date "2010.04.08"]
[Round "?"]
[White "Comtesse, Andreas"]
[Black "Schultheiss, Klaus"]
[Result "1/2-1/2"]
[WhiteElo "1983"]
[BlackElo "2030"]
[PlyCount "80"]
[EventDate "2010.04.19"]
[EventType "tourn (corr)"]
[EventRounds "12"]
[EventCountry "GER"]
[SourceTitle "Corr 2015"]
[Source "ChessBase"]
[SourceDate "2015.07.17"]
[SourceVersion "1"]
[SourceVersionDate "2015.07.17"]
[SourceQuality "1"]
[WhiteTeam "Germany"]
[BlackTeam "Germany"]
[WhiteTeamCountry "GER"]
[BlackTeamCountry "GER"]

1. c4 c5 2. Nf3 Nf6 3. Nc3 Nc6 4. e3 e6 5. d4 d5 6. a3 a6 7. b3 Be7 8. dxc5 Bxc5 9. Bd3 0-0 10. Bb2 Qe7 11. cxd5 exd5 12. 0-0 Bg4 13. b4 Bd6 14. Be2 Rad8 15. h3 Bf5 16. Rc1 Bb8 17. Re1 Qd6 18. Bf1 Rfe8 19. b5 Ne5 20. Nxe5 Rxe5 21. g3 Ree8 22. bxa6 bxa6 23. Bg2 Ba7 24. Ne2 h5 25. Qa4 Ne4 26. Bd4 Bd7 27. Qb4 Bb8 28. h4 Qxb4 29. axb4 Bd6 30. Bc5 Ba4 31. Nd4 Be5 32. Ra1 Bb5 33. Rec1 Rc8 34. Bh3 Rc7 35. Nxb5 axb5 36. Ra7 Rxa7 37. Bxa7 Ra8 38. Bb6 g6 39. Ba5 Nc3 40. Bf1 Ra6 1/2-1/2

[Event "GER-ch42 V06 email"]
[Site "GER email"]
[Date "2010.04.08"]
[Round "?"]
[White "Comtesse, Andreas"]
[Black "Solf, Frank"]
[Result "1/2-1/2"]
[WhiteElo "1983"]
[BlackElo "2155"]
[PlyCount "79"]
[EventDate "2010.04.19"]
[EventType "tourn (corr)"]
[EventRounds "12"]
[EventCountry "GER"]
[SourceTitle "Corr 2015"]
[Source "ChessBase"]
[SourceDate "2015.07.17"]
[SourceVersion "1"]
[SourceVersionDate "2015.07.17"]
[SourceQuality "1"]
[WhiteTeam "Germany"]
[BlackTeam "Germany"]
[WhiteTeamCountry "GER"]
[BlackTeamCountry "GER"]

1. c4 Nf6 2. g3 g6 3. d4 Bg7 4. Nf3 0-0 5. Nc3 d6 6. Bg2 Nc6 7. 0-0 a6 8. e4 Bg4 9. Be3 Nd7 10. Qd2 Na5 11. b3 c5 12. Rac1 Nc6 13. dxc5 Bxf3 14. Bxf3 dxc5 15. Bg2 Nde5 16. Rfd1 Nd4 17. Kh1 Ng4 18. Qe1 e5 19. h3 Nf6 20. b4 b6 21. Rb1 Rb8 22. bxc5 bxc5 23. Rxb8 Qxb8 24. Rb1 Qd6 25. Nd5 Rb8 26. Rxb8+ Qxb8 27. Qa5 Qd6 28. Qc3 Qb8 29. Qc1 h5 30. Kh2 Kh7 31. Qa3 Qd6 32. Qb2 Nxd5 33. cxd5 Bh6 34. Qc1 Bxe3 35. fxe3 Nb5 36. a4 Nc7 37. Qb2 c4 38. Bf1 Qc5 39. Qc3 Ne8 40. Qxc4 1/2-1/2

[Event "GER-ch42 V06 email"]
[Site "GER email"]
[Date "2010.04.08"]
[Round "?"]
[White "Herrmann, Hans"]
[Black "Comtesse, Andreas"]
[Result "1/2-1/2"]
[WhiteElo "2046"]
[BlackElo "1983"]
[PlyCount "91"]
[EventDate "2010.04.19"]
[EventType "tourn (corr)"]
[EventRounds "12"]
[EventCountry "GER"]
[SourceTitle "Corr 2015"]
[Source "ChessBase"]
[SourceDate "2015.07.17"]
[SourceVersion "1"]
[SourceVersionDate "2015.07.17"]
[SourceQuality "1"]
[WhiteTeam "Germany"]
[BlackTeam "Germany"]
[WhiteTeamCountry "GER"]
[BlackTeamCountry "GER"]

1. e4 e5 2. Nf3 Nc6 3. Bb5 Nf6 4. 0-0 Be7 5. Re1 d6 6. d4 exd4 7. Nxd4 Bd7 8. Bxc6 bxc6 9. c4 0-0 10. Nc3 c5 11. Nf5 Bxf5 12. exf5 Nd7 13. Qc2 Bf6 14. Bf4 Bxc3 15. Qxc3 Qh4 16. Qf3 Rae8 17. b3 Qf6 18. Bd2 Ne5 19. Qe4 Re7 20. Bc3 Rfe8 21. h3 Kf8 22. Re3 Qg5 23. Rg3 Qh6 24. f6 gxf6 25. Qf5 Ng6 26. Bxf6 Re4 27. Rf3 Rf4 28. Bg5 Qg7 29. Bxf4 Nh4 30. Bh6 Nxf3+ 31. Qxf3 Qxh6 32. Qb7 Re7 33. Qxa7 Qd2 34. Rf1 Kg7 35. Qa8 Qc3 36. Qd5 Re1 37. Qg5+ Kf8 38. Qh6+ Kg8 39. Rxe1 Qxe1+ 40. Kh2 Qxf2 41. a4 Qe1 42. Qf6 Kf8 43. h4 Ke8 44. h5 Qd1 45. Qf3 Qxf3 46. gxf3 1/2-1/2

[Event "GER-ch42 V06 email"]
[Site "GER email"]
[Date "2010.04.08"]
[Round "?"]
[White "Zielinski, Werner"]
[Black "Comtesse, Andreas"]
[Result "1/2-1/2"]
[WhiteElo "2096"]
[BlackElo "1983"]
[PlyCount "91"]
[EventDate "2010.04.19"]
[EventType "tourn (corr)"]
[EventRounds "12"]
[EventCountry "GER"]
[SourceTitle "Corr 2015"]
[Source "ChessBase"]
[SourceDate "2015.07.17"]
[SourceVersion "1"]
[SourceVersionDate "2015.07.17"]
[SourceQuality "1"]
[WhiteTeam "Germany"]
[BlackTeam "Germany"]
[WhiteTeamCountry "GER"]
[BlackTeamCountry "GER"]

1. d4 d5 2. c4 e6 3. Nc3 Nf6 4. cxd5 exd5 5. Bg5 c6 6. Qc2 h6 7. Bh4 Bd6 8. e3 0-0 9. Bd3 Be6 10. Nge2 Nbd7 11. f3 Qc7 12. Bg3 Bxg3+ 13. Nxg3 c5 14. 0-0 a6 15. Rad1 Rfe8 16. Qd2 Rac8 17. Rc1 c4 18. Nce2 Rcd8 19. Bb1 b5 20. a3 Qb6 21. h3 h5 22. Rfe1 Nf8 23. Nc3 Bd7 24. Rcd1 Bc8 25. e4 h4 26. Nge2 Ng6 27. exd5 Nxd5 28. Bxg6 fxg6 29. Ne4 b4 30. Nf4 Nxf4 31. Qxf4 Rxd4 32. Qe3 Rxd1 33. Qxb6 Rxe1+ 34. Kf2 Rb1 35. Qxb4 Be6 36. Ng5 Bd5 37. a4 Rf8 38. Ke3 Rd1 39. Qb6 Rf6 40. Qa7 Rf8 41. Ke2 Rb1 42. Qd4 Bf7 43. Ke3 a5 44. Nxf7 Rxf7 45. Kd2 Ra1 46. Qxc4 1/2-1/2